Kỹ thuật điều hòa không khí

Tài liệu giới thiệu về một số vấn đề về điều hoà không khí, phân loại hệ thống điều hoà không khí, không khí ẩm ...

Spremljeno u:
Bibliografski detalji
Glavni autor: Lê, Chí Hiệp
Format: Knjiga
Jezik:Undetermined
Izdano: Hà Nội Khoa học và Kỹ thuật 2007
Teme:
Oznake: Dodaj oznaku
Bez oznaka, Budi prvi tko označuje ovaj zapis!
Thư viện lưu trữ: Trung tâm Học liệu Trường Đại học Cần Thơ
LEADER 00968nam a2200229Ia 4500
001 CTU_131428
008 210402s9999 xx 000 0 und d
020 |c 57000 
082 |a 621.56 
082 |b H307 
100 |a Lê, Chí Hiệp 
245 0 |a Kỹ thuật điều hòa không khí 
245 0 |c Lê Chí Hiệp 
260 |a Hà Nội 
260 |b Khoa học và Kỹ thuật 
260 |c 2007 
520 |a Tài liệu giới thiệu về một số vấn đề về điều hoà không khí, phân loại hệ thống điều hoà không khí, không khí ẩm ... 
526 |a Kỹ thuật điều hòa nhiệt độ và thông gió 
526 |b CN439 
650 |a Air conditioning,Điều hoà không khí,Refrigeration and refrigerating machinery,Tủ lạnh và máy lạnh 
904 |i Úy Chị, pha 
980 |a Trung tâm Học liệu Trường Đại học Cần Thơ